Maiores Artilheiros Seleção da França - Statistics

Estatísticas Gerais
  • Esse quiz foi jogado 116 vezes
    79 desde o último reset
  • A pontuação média é 7 de 10
Estatísticas das Respostas
Gols Jogos Período Jogador % Correto
33 64 2017-presente Kylian Mbappé
97%
53 118 2011-presente Olivier Giroud
90%
31 108 1994-2006 Zinédine Zidane
90%
51 123 1997-2010 Thierry Henry
86%
37 95 2007-presente Karim Benzema
80%
42 115 2014-presente Antoine Griezmann
75%
41 72 1976-1987 Michel Platini
59%
30 21 1953-1960 Just Fontaine
37%
34 71 1998-2008 David Trézéguet
32%
30 54 1986-1995 Jean-Pierre Papin
21%
Nenhum quiz correspondente encontrado
Distribuição das Pontuações
Porcentagem de Pessoas com Cada Pontuação
Percentil de Números Respondidos
Sua Pontuação Histórica
Você não jogou esse quiz desde o último reset